000 00592nam a22001937a 4500
003 OSt
005 20251215085208.0
008 251215b |||||||| |||| 00| 0 eng d
020 _a0-471-72679-6
040 _aDWCL-Main lib
_cOC
082 _aCirc. 657.45 W626w 2006
100 _aPatrick R. Delaney
245 _aWiley CPA exam reviewer 2006 :
_bauditing and attestation
_cPatrick O. Delaney
260 _aN. J. :
_bJohn Wiley & Sons, Inc.,
_cc2006.
300 _a661 pages ;
_c28 cm.
650 _21. Auditing-Reviewer.
700 _aWhittington, O. Ray
942 _2ddc
_cBK-CIRC
_kCirc.
_n0
999 _c7096
_d7096